000 00361nam a22001457a 4500
005 20180206144041.0
008 160627b xxu||||| |||| 00| 0 eng d
041 _aeng
082 _b10678
_a005.43
100 _aReference Manual
_94102
245 _aDisk Operating System:dos verson 3.30/ REFERENCE
300 _aE.33
650 _aManagement
_9241
942 _cBK
999 _c4330
_d4329